|
|
|
|
| LEADER |
00000naa a2200000uu 4500 |
| 001 |
vtls010952190 |
| 003 |
SK-MaSNL |
| 005 |
20260302123640.0 |
| 008 |
210906|1998 xo |||||||||||||||||eng| |
| 015 |
|
|
|a SNBRA
|
| 035 |
|
|
|a (urnnbn)urn:nbn:sk:snk:ar-a0bkmc
|
| 035 |
|
|
|a (uuid)d0248972-34f8-4ed1-b947-b0fd63079e24
|
| 035 |
|
|
|a urn:nbn:sk:snk-aaucn6
|
| 040 |
|
|
|a SNKBUCL
|b slo
|c SNKBUCL
|e AACR2
|
| 041 |
0 |
|
|a eng
|
| 044 |
|
|
|a xo
|c SK
|
| 100 |
1 |
|
|a Caban, Dariusz
|4 aut
|9 808707
|
| 245 |
1 |
0 |
|a Angular Response Neural Networks
|c Dariusz Caban, Tomasz Walkowiak, Wojciech Zamojski
|
| 700 |
1 |
|
|a Walkowiak, Tomasz
|4 aut
|9 744956
|
| 700 |
1 |
|
|a Zamojski, Wojciech
|4 aut
|9 763616
|
| 773 |
0 |
|
|t 2nd Slovak conference on artificial neural networks
|d Trnava : [B-print, 1998, 1998
|g S. 146-150
|z 8096793527
|
| 958 |
|
|
|a OND
|
| 958 |
|
|
|a article11
|
| 958 |
|
|
|a chapter
|
| 999 |
|
|
|c 1284032
|d 1285962
|